000 00408nam a2200169Ia 4500
005 20240823044852.0
008 240823s9999||||xx |||||||||||||| ||und||
041 _aENGLISH
082 _A512 P4
100 _aRamasubban T A
245 2 _aA Comprehensive Refresher course in Algebra
250 _a1st
260 _c2004
_bthe A
500 _aTRANSFERED
650 _aAlgebra
_bMathematics
942 _cBK
999 _c213625
_d213625